00556nam a2200157Ia 4500100001100000942000700011654002200018245004800040260006100088082001700149300000800166546001200174999001700186952010000203952009500303 aAICTE  cBK aMaching Processes aNon traditional Maching Processes C-NO: 244 bContinuing Education Programmer AICTEaBangalorec1992 a621.8bAICTE a241 aENGLISH c21341d21341 001040708CRCaCRCEbCRCEd2023-03-17i186l0o621.8 AICTEp12011r2023-03-17w2023-03-17yBK 001040708CRCaCRCEbCRCEd2023-03-17l0o621.8 AICTEp12012r2023-03-17w2023-03-17yBK